000 01959nam a22002537a 4500
999 _c58212
_d58212
003 Ge_BSU
005 20210916115549.0
008 210916s2021 ge ||||| |||| 00| 0 geo d
020 _a9789941829062
041 _ageo
080 _a72(479.222)+27-523 თ-11
245 _aთბილისში მოქმედი საკულტო ნაგებობები 2020 წლის მდგომარეობით = Functioning cult buildings in Tbilisis as of 2020 :
_b[ეკლესიები, სინაგოგები, მეჩეთები და სალოცავი სახლები : ფოტოალბომი] /
_cგამოცემაზე მუშაობდნენ: ზაზა ვაშაყმაძე, გიორგი უკლება, ნინო ჭავჭავაძე [და სხვა] ; მთავარი რედაქტორი ზაზა ვაშაყმაძე ; რელიგიის საკითხთა სახელმწ. სააგენტო.
264 _aთბილისი,
_c2021.
300 _a280 გვ. :
_bფოტ. ;
_c30 სმ.
500 _aგარეკანი, თავფურცელი და ტექსტი ქართულ და ინგლისურ ენებზე.
653 _aთბილისში მოქმედი საკულტო ნაგებობები
653 _aფოტოალბომი
700 _aუკლება, გიორგი
_912484
700 _aჭავჭავაძე, ნინო
_912485
700 _aცხოვრებაძე, გვანცა და სხვ.
_912486
700 _aვაშაყმაძე, ზაზა
_eმთ. რედაქტორი
_912487
710 _a რელიგიის საკითხთა სახელმწ. სააგენტო.
_912490
942 _2udc
_cBK